The Akhenaten adventure / (Record no. 2572)

MARC details
000 -LEADER
fixed length control field 01105cam a2200325 a 4500
005 - DATE AND TIME OF LATEST TRANSACTION
control field 20250508150754.0
020 ## - INTERNATIONAL STANDARD BOOK NUMBER
International Standard Book Number 0439670195
020 ## - INTERNATIONAL STANDARD BOOK NUMBER
International Standard Book Number 9780439670203
040 ## - CATALOGING SOURCE
Original cataloging agency DLC
Transcribing agency DLC
Modifying agency DLC
Language of cataloging eng
050 00 - LIBRARY OF CONGRESS CALL NUMBER
Classification number PZ7.K46843
Item number Ak 2004
082 00 - DEWEY DECIMAL CLASSIFICATION NUMBER
Classification number 823.914
Edition number 22
100 1# - MAIN ENTRY--PERSONAL NAME
Personal name Kerr, Philip
245 14 - TITLE STATEMENT
Title The Akhenaten adventure /
Statement of responsibility, etc. P.B. Kerr
250 ## - EDITION STATEMENT
Edition statement First paperback printing, June 2005
260 ## - PUBLICATION, DISTRIBUTION, ETC.
Place of publication, distribution, etc. New York :
Name of publisher, distributor, etc. Scholastic,
Date of publication, distribution, etc. 2004
300 ## - PHYSICAL DESCRIPTION
Extent 355 pages :
Dimensions 20 cm
490 1# - SERIES STATEMENT
Series statement Children of the lamp ;
Volume/sequential designation Book 1
505 ## - FORMATTED CONTENTS NOTE
Formatted contents note T
520 ## - SUMMARY, ETC.
Summary, etc. When twelve-year-old twins Philippa and John discover that they are descended from a long line of djinn, their mother sends them away to their Uncle Nimrod, who takes them to Cairo where he starts to teach them about their extraordinary powers.
521 ## - TARGET AUDIENCE NOTE
Target audience note 900
Source Lexile
521 ## - TARGET AUDIENCE NOTE
Target audience note T
Source Raz-Plus
650 #1 - SUBJECT ADDED ENTRY--TOPICAL TERM
Topical term or geographic name entry element Genies
Form subdivision Fiction.
650 #1 - SUBJECT ADDED ENTRY--TOPICAL TERM
Topical term or geographic name entry element Magic
Form subdivision Fiction.
650 #1 - SUBJECT ADDED ENTRY--TOPICAL TERM
Topical term or geographic name entry element Twins
Form subdivision Fiction.
650 #1 - SUBJECT ADDED ENTRY--TOPICAL TERM
Topical term or geographic name entry element Siblings
Form subdivision Fiction.
650 #1 - SUBJECT ADDED ENTRY--TOPICAL TERM
Topical term or geographic name entry element Uncles
Form subdivision Fiction.
906 ## - LOCAL DATA ELEMENT F, LDF (RLIN)
a 7
b cbc
c orignew
d 1
e ecip
f 20
g y-gencatlg
942 ## - ADDED ENTRY ELEMENTS (KOHA)
Source of classification or shelving scheme Dewey Decimal Classification
Koha item type Books
Suppress in OPAC No
999 ## -
-- 2572
-- 2572
Holdings
Withdrawn status Lost status Source of classification or shelving scheme Damaged status Not for loan Collection Home library Current library Shelving location Date acquired Total Checkouts Full call number Barcode Date last seen Price effective from Koha item type Copy number
    Dewey Decimal Classification     Fiction Footprints International School Library Network Toul Kork Campus Footprints International School Library Network Toul Kork Campus   01/02/2024   KER 823.914 PZ7.K46843 FISOO985 01/02/2024 01/02/2024 Books  
    Dewey Decimal Classification     Fiction Footprints International School Library Network Toul Tom Poung Campus Footprints International School Library Network Toul Tom Poung Campus TTP Secondary Fiction Bookshelves 05/08/2025   KER 823.914 PZ7.K46843 2025-1230 05/08/2025 05/08/2025 Books 2